000 00620nam a2200205 i 4500
001 101393
003 ES-MaACL
005 20250829062547.0
007 t|
008 051018s1958 sp ||||1| spa d
100 1 _aMaurois, André,
_d1885-1967
_979267
245 1 0 _aTierra de promisión /
_cpor André Maurois, [seud.] de Emile Herzog; [versión castellana de Juan G. de Luaces].
260 _aBarcelona :
_bG.P.,
_c1958.
300 _a191 p. ;
_c18 cm.
490 1 _aPlaza
700 1 _aLuaces, Juan G. de.
_974483
830 0 _aPlaza
_9181244
852 _aES-MaACL
_jC-15255
_bR.42640
999 _c101393
_d101393